| 000 | 01406nam a2200301 a 4500 | ||
|---|---|---|---|
| 003 | BLK | ||
| 005 | 20240303003957.0 | ||
| 008 | 180411b bul|||||r ||||||| ||bul|| | ||
| 020 | _a9789547401501 | ||
| 040 | _aBLK | ||
| 041 |
_aBUL _cBUL |
||
| 080 |
_aБългарска литература _b821.163.2 _x-1 _z821.163.2-1 |
||
| 100 |
_aГанчев, Марко _gПисател и поет, сатирик, преводач от немски и белоруски _d1932- _qМаринов, Марко Ганчев _9267403 |
||
| 245 | 1 | 0 |
_aСтационарен Одисей _bКнига на предците и на потомците (1952-2023) _cМарко Ганчев. |
| 257 | _aBGR | ||
| 260 |
_aСофия _bЛит. форум _c2023 _fСофия : Симолини _9209534 _n978-954-740- ; 954-8121- |
||
| 300 |
_a112 с. _c20 см |
||
| 380 | _aX | ||
| 490 |
_aБиблиотека Българска сбирка _9201763 _v85 |
||
| 500 | _aПълното име на авт. е Марко Ганчев Маринов. - Биогр. данни за авт. отбелязани на гърба на кор. | ||
| 700 | 1 |
_aМаринов, Марко Ганчев _9373605 |
|
| 852 |
_aЦб 318647 _bЦб |
||
| 856 |
_i0.00 _ldisable |
||
| 942 |
_cKNG _n0 _s1 |
||
| 944 |
_aCR _c2023-07-11 _k _lCRON CRON |
||
| 999 |
_c492705 _d492705 |
||
| 999 | _d492705 | ||